Τηλεόραση και επικοινωνία
Αποθηκεύτηκε σε:
| Άλλοι συγγραφείς: | , , |
|---|---|
| Μορφή: | Βιβλίο |
| Γλώσσα: | Greek |
| Δημοσίευση: |
Θεσσαλονίκη :
Παρατηρητής,
1988
|
| Θέματα: | |
| Ετικέτες: |
Προσθήκη ετικέτας
Δεν υπάρχουν, Καταχωρήστε ετικέτα πρώτοι!
|
MARC
| LEADER | 00000nam a2200000 i 4500 | ||
|---|---|---|---|
| 001 | 1/59283 | ||
| 008 | 960524s1988 gre d | ||
| 035 | |l 10028512 | ||
| 040 | |a GR-MY-UA |b gre |e aacr | ||
| 041 | 0 | |a gre | |
| 082 | 0 | |a 302.2345 | |
| 245 | 1 | 0 | |a Τηλεόραση και επικοινωνία / |c επιμ:Κλήμης Ναυρίδης, Γιάννης Δημητρακόπουλος, Γρηγόρης Πασχαλίδης |
| 260 | |a Θεσσαλονίκη : |b Παρατηρητής, |c 1988 | ||
| 300 | |a 418 σ. | ||
| 500 | |a Περιέχει βιβλιογραφία και κατάλογο συνέδρων | ||
| 650 | 0 | 0 | |a Television broadcasting. |
| 650 | 0 | 0 | |a Communication. |
| 700 | 1 | |a Δημητρακόπουλος, Γιάννης. |4 edt | |
| 700 | 1 | |a Πασχαλίδης, Γρηγόρης. | |
| 700 | 1 | |4 edt |a Ναυρίδης, Κλήμης. | |
| 852 | |a INST |b CHIOS |e 19960524 |h 302.2345 ΤΗΛ |p 005200001916 |q 005200001916 |t BK |y 0 | ||
| 909 | |a Χ |b 029820 | ||